Famous Robots Quiz Stats

 Plays Quiz not verified by Sporcle

Challenge
Share
Tweet
Embed
Score 0/16 Timer 07:00
0 Plays Today
Hint Robot Name % Correct
The blue astro droid in Star WarsR2D2
96.8%
The robot from above's sidekickC3PO
82.4%
'I'll be Back'The Terminator
69.6%
Leader of the AutobotsOptimus Prime
61.6%
A robotic police officerRobocop
55.2%
The maid in the JetsonsRosie
47.2%
Planet Express' Alcoholic RobotBender
40.8%
Buy n' Large's Cleaning RobotWALL-E
39.2%
Hint Robot Name % Correct
Android on Star Trek: The Next GenerationData
32%
'Danger, Will Robinson'The Robot
31.2%
Big 'Fe' RobotThe Iron Giant
24.8%
Red and Blue Boxing RobotsRockem Sockem Robots
24.8%
Metalic Pet from Dr. WhoK9
22.4%
iRobot's Vacuum CleanerRoomba
20%
Robot from Short CircuitNumber 5
12%
Legendary robots that scalled the fourth planet from the sunMars Rover
3.2%

You're not logged in!

Compare scores with friends on all Sporcle quizzes.
OR
Log In

You Might Also Like...

Show Comments

Extras

Created Apr 9, 2011ReportNominate
Tags:Famous Quiz, robot

Top Quizzes Today


Score Distribution

Your Account Isn't Verified!

In order to create a playlist on Sporcle, you need to verify the email address you used during registration. Go to your Sporcle Settings to finish the process.

Report this User

Report this user for behavior that violates our Community Guidelines.

Details: